000 00547nam a2200193Ia 4500
005 20250508161448.0
008 008 250505s9999 xx 000 0 eng d
037 _aTextual
040 _aFEDL
_beng
_cFEDL
041 _aeng
_2eng
084 _a370.1, LIV
_qFEDL
100 _aLivingstone R. W.
245 0 _aEducation and the spirit of the age
260 _aLondon, UK
_bOxford University Press
_c1952
300 _aviii,114p.
650 _aEducation - Philosophy
942 _cTEXL
_h370.1, LIV
999 _c1370104
_d1370104